<?xml version="1.0" encoding="UTF-8"?><?xml-stylesheet type="text/xsl" href="static/style.xsl"?><OAI-PMH xmlns="http://www.openarchives.org/OAI/2.0/" xmlns:xsi="http://www.w3.org/2001/XMLSchema-instance" xsi:schemaLocation="http://www.openarchives.org/OAI/2.0/ http://www.openarchives.org/OAI/2.0/OAI-PMH.xsd"><responseDate>2026-04-13T03:15:07Z</responseDate><request verb="GetRecord" identifier="oai:www.recercat.cat:2445/125698" metadataPrefix="marc">https://recercat.cat/oai/request</request><GetRecord><record><header><identifier>oai:recercat.cat:2445/125698</identifier><datestamp>2025-12-05T11:55:08Z</datestamp><setSpec>com_2072_1057</setSpec><setSpec>col_2072_478916</setSpec><setSpec>col_2072_478917</setSpec></header><metadata><record xmlns="http://www.loc.gov/MARC21/slim" xmlns:dcterms="http://purl.org/dc/terms/" xmlns:xsi="http://www.w3.org/2001/XMLSchema-instance" xmlns:doc="http://www.lyncode.com/xoai" xsi:schemaLocation="http://www.loc.gov/MARC21/slim http://www.loc.gov/standards/marcxml/schema/MARC21slim.xsd">
   <leader>00925njm 22002777a 4500</leader>
   <datafield ind2=" " ind1=" " tag="042">
      <subfield code="a">dc</subfield>
   </datafield>
   <datafield ind2=" " ind1=" " tag="720">
      <subfield code="a">Contreras Rodríguez, Oren</subfield>
      <subfield code="e">author</subfield>
   </datafield>
   <datafield ind2=" " ind1=" " tag="720">
      <subfield code="a">Cano Català, Marta</subfield>
      <subfield code="e">author</subfield>
   </datafield>
   <datafield ind2=" " ind1=" " tag="720">
      <subfield code="a">Vilar López, Raquel</subfield>
      <subfield code="e">author</subfield>
   </datafield>
   <datafield ind2=" " ind1=" " tag="720">
      <subfield code="a">Schmidt Rio-Valle, Jacqueline</subfield>
      <subfield code="e">author</subfield>
   </datafield>
   <datafield ind2=" " ind1=" " tag="720">
      <subfield code="a">Verdejo Román, Juan</subfield>
      <subfield code="e">author</subfield>
   </datafield>
   <datafield ind2=" " ind1=" " tag="720">
      <subfield code="a">Navas, Juan F.</subfield>
      <subfield code="e">author</subfield>
   </datafield>
   <datafield ind2=" " ind1=" " tag="720">
      <subfield code="a">Martín Pérez, Cristina</subfield>
      <subfield code="e">author</subfield>
   </datafield>
   <datafield ind2=" " ind1=" " tag="720">
      <subfield code="a">Fernández Aranda, Fernando</subfield>
      <subfield code="e">author</subfield>
   </datafield>
   <datafield ind2=" " ind1=" " tag="720">
      <subfield code="a">Menchón Magriñá, José Manuel</subfield>
      <subfield code="e">author</subfield>
   </datafield>
   <datafield ind2=" " ind1=" " tag="720">
      <subfield code="a">Soriano Mas, Carles</subfield>
      <subfield code="e">author</subfield>
   </datafield>
   <datafield ind2=" " ind1=" " tag="720">
      <subfield code="a">Verdejo García, Antonio</subfield>
      <subfield code="e">author</subfield>
   </datafield>
   <datafield ind2=" " ind1=" " tag="260">
      <subfield code="c">2018-10-29T14:18:58Z</subfield>
   </datafield>
   <datafield ind2=" " ind1=" " tag="260">
      <subfield code="c">2019-02-17T06:10:27Z</subfield>
   </datafield>
   <datafield ind2=" " ind1=" " tag="260">
      <subfield code="c">2018-07</subfield>
   </datafield>
   <datafield ind2=" " ind1=" " tag="520">
      <subfield code="a">Background/objectives: Accumulation of visceral adiposity can disrupt the brain’s sensitivity to interoceptive feedback, which is coded in the insula. This study aimed to test the link between visceral fat and the functional connectivity of two insulae regions relevant for eating behavior: the middle-dorsal insula (mIns), which codes homeostatic changes, and the rostral insula (rIns), which codes stable representations of food properties. We also assessed the impact of visceral adiposity-associated insulae networks on food craving. Subjects/methods: Seventy-five adults ranging in weight status (normal and excess weight) underwent resting-state functional magnetic resonance imaging (fMRI) and subjective food craving measures. We examined the association between visceral fat and seed-based functional connectivity of the mIns and the rIns, controlling for BMI, age, and sex, using multiple regressions in SPM8. We also tested if visceral fat mediated the association between insulae connectivity and food craving. Results: Higher visceral adiposity was associated with decreased connectivity between the mIns and a cluster involving the hypothalamus and the bed nucleus of the stria terminalis. Decreased connectivity in this network was associated with greater food craving, a relation mediated by visceral adiposity. Visceral adiposity was also associated with increased connectivity between the mIns and the middle frontal gyri and the right intraparietal cortex, and between the rIns and the right amygdala. Conclusions: Accumulation of visceral adiposity is linked to disrupted functional connectivity within the mIns and rIns networks. Furthermore, the link between the mIns network and food craving is mediated by visceral fat. Findings suggest that visceral fat disrupts insula coding of bodily homeostatic signals, which may boost externally driven food cravings.</subfield>
   </datafield>
   <datafield tag="653" ind2=" " ind1=" ">
      <subfield code="a">Obesitat</subfield>
   </datafield>
   <datafield tag="653" ind2=" " ind1=" ">
      <subfield code="a">Cervell</subfield>
   </datafield>
   <datafield tag="653" ind2=" " ind1=" ">
      <subfield code="a">Obesity</subfield>
   </datafield>
   <datafield tag="653" ind2=" " ind1=" ">
      <subfield code="a">Brain</subfield>
   </datafield>
   <datafield ind2="0" ind1="0" tag="245">
      <subfield code="a">Visceral Adiposity and Insular networks: Associations with Food Craving</subfield>
   </datafield>
</record></metadata></record></GetRecord></OAI-PMH>